[Event "SVK-chT4 A21 1920"]
[Site "Slovakia"]
[Date "2020.03.08"]
[Round "10.4"]
[White "Knapek, Adrian"]
[Black "Stehlik, Jan"]
[Result "0-1"]
[WhiteElo "1491"]
[BlackElo "1653"]
[PlyCount "76"]
[EventDate "2019.10.13"]
[EventType "team-tourn"]
[EventRounds "11"]
[EventCountry "SVK"]
[SourceTitle "CBM 195 Extra"]
[Source "ChessBase"]
[SourceDate "2020.05.31"]
[SourceVersion "1"]
[SourceVersionDate "2020.05.31"]
[SourceQuality "1"]
[WhiteTeam "Myjava Spartak"]
[BlackTeam "Holic II"]
[WhiteTeamCountry "SVK"]
[BlackTeamCountry "SVK"]

1. e4 e6 2. Nf3 d5 3. exd5 exd5 4. d4 Nf6 5. Nc3 c6 6. h3 Bd6 7. Bd3 0-0 8. Be3 Re8 9. 0-0 Nbd7 10. Bf5 Nf8 11. Bxc8 Rxc8 12. Qd2 Ng6 13. Bg5 h6 14. Bxf6 Qxf6 15. Rae1 Nf4 16. Ne2 Nxh3+ 17. gxh3 Qxf3 18. Qd3 Qxd3 19. cxd3 Re6 20. Ng3 Rce8 21. Rxe6 Rxe6 22. Nf5 Rg6+ 23. Kh1 Rf6 24. Nxd6 Rxd6 25. Re1 Re6 26. Rxe6 fxe6 27. Kg2 Kf7 28. Kf3 Kf6 29. Kg4 g6 30. h4 e5 31. dxe5+ Kxe5 32. f4+ Kf6 33. Kf3 c5 34. b3 b5 35. Ke3 Kf5 36. Kf3 c4 37. bxc4 bxc4 38. dxc4 dxc4 0-1

[Event "SVK-chT4 A21 1617"]
[Site "Slovakia"]
[Date "2016.11.06"]
[Round "3.4"]
[White "Kanka, Tomas"]
[Black "Stehlik, Jan"]
[Result "1-0"]
[WhiteElo "1697"]
[BlackElo "1626"]
[PlyCount "85"]
[EventDate "2016.10.09"]
[EventType "team-tourn"]
[EventRounds "11"]
[EventCountry "SVK"]
[SourceTitle "CBM 175 Extra"]
[Source "ChessBase"]
[SourceDate "2016.12.12"]
[SourceVersion "1"]
[SourceVersionDate "2016.12.12"]
[SourceQuality "1"]
[WhiteTeam "Gbely Nafta III"]
[BlackTeam "Holic II"]
[WhiteTeamCountry "SVK"]
[BlackTeamCountry "SVK"]

1. e4 e5 2. Nf3 Nc6 3. Bc4 Bc5 4. b4 Bxb4 5. c3 Ba5 6. d4 exd4 7. 0-0 dxc3 8. Qb3 Qe7 9. Bg5 Nf6 10. Nxc3 Bxc3 11. Qxc3 d6 12. Rfe1 Ne5 13. Nd4 Nxc4 14. Qxc4 0-0 15. f4 c5 16. Nf3 Qe6 17. Qc2 h6 18. Bh4 Nh7 19. Rad1 b6 20. f5 Qd7 21. Ne5 Qc7 22. Nc4 f6 23. Bg3 Re8 24. Nxd6 Re7 25. Qc4+ Kf8 26. Nb5 Qc6 27. Bd6 Ba6 28. a4 Bxb5 29. axb5 Qb7 30. Qd5 Qc8 31. h4 Ke8 32. Qg8+ Nf8 33. Bxe7 Kxe7 34. Qxg7+ Ke8 35. Qxf6 Qc7 36. e5 Rd8 37. e6 Qe7 38. Rxd8+ Kxd8 39. Qh8 c4 40. f6 Qc5+ 41. Kh1 Ke8 42. e7 Kd7 43. e8Q+ 1-0

[Event "SVK-chT1E 1213"]
[Site "Slovakia"]
[Date "2012.10.21"]
[Round "2.8"]
[White "Stehlik, Jan"]
[Black "Pekar, Karol"]
[Result "1/2-1/2"]
[WhiteElo "2022"]
[BlackElo "2104"]
[PlyCount "159"]
[EventDate "2012.10.20"]
[EventType "team-tourn"]
[EventRounds "11"]
[EventCountry "SVK"]
[SourceTitle "EXT 2014"]
[Source "ChessBase"]
[SourceDate "2013.11.20"]
[SourceVersion "1"]
[SourceVersionDate "2013.11.20"]
[SourceQuality "1"]
[WhiteTeam "Banska Bystrica Junior"]
[BlackTeam "Liptov Chess School"]
[WhiteTeamCountry "SVK"]
[BlackTeamCountry "SVK"]

1. d4 Nf6 2. Nf3 d6 3. g3 c6 4. c4 Nbd7 5. Bg2 e5 6. dxe5 dxe5 7. 0-0 Qc7 8. Nc3 Be7 9. Qc2 0-0 10. b3 Re8 11. Bb2 a5 12. Rad1 Bf8 13. Ng5 h6 14. Nge4 Nxe4 15. Nxe4 f5 16. Nc3 Nf6 17. e3 Be6 18. Rd2 Rad8 19. Rfd1 Rxd2 20. Rxd2 Rd8 21. Na4 Rxd2 22. Qxd2 Bb4 23. Qc2 Be7 24. Bc3 b5 25. Nb2 b4 26. Bd2 e4 27. f3 Qe5 28. Nd1 Bc5 29. Bc1 exf3 30. Bxf3 f4 31. gxf4 Qxf4 32. Qg2 Bg4 33. Bxg4 Nxg4 34. Kh1 Nxe3 35. Nxe3 Bxe3 36. Bxe3 Qxe3 37. Qxc6 Qe1+ 38. Kg2 Qe2+ 39. Kg1 Qd1+ 40. Kg2 Qe2+ 41. Kg1 Qd1+ 42. Kg2 Qc2+ 43. Kg1 Qb1+ 44. Kg2 Qxa2+ 45. Kg1 Qb1+ 46. Kg2 Qc2+ 47. Kg1 Qc1+ 48. Kf2 Qf4+ 49. Kg1 Qg5+ 50. Kh1 Qf6 51. Qa8+ Qf8 52. Qd5+ Qf7 53. Qa8+ Kh7 54. Kg2 Qg6+ 55. Kf2 Qc2+ 56. Kg1 Qb1+ 57. Kf2 Qf5+ 58. Kg2 h5 59. h3 Qc2+ 60. Kg1 Qd3 61. Qxa5 Qg3+ 62. Kf1 Qxh3+ 63. Kf2 Qh4+ 64. Kf1 Qf4+ 65. Ke1 Qe4+ 66. Kf2 h4 67. Qh5+ Kg8 68. c5 g6 69. Qg5 Kf7 70. Qh6 Qc2+ 71. Kf1 Qd1+ 72. Kg2 Qe2+ 73. Kh3 Qf3+ 74. Kh2 Qg3+ 75. Kh1 h3 76. Qh7+ Ke6 77. Qg8+ Kd7 78. Qf7+ Kc6 79. Qe6+ Kxc5 80. Qd5+ 1/2-1/2

[Event "SVK-ch U18"]
[Site "Lubovnianske Kupele"]
[Date "2012.03.22"]
[Round "7"]
[White "Stehlik, Jan"]
[Black "Nemergut, Matej"]
[Result "1-0"]
[WhiteElo "2025"]
[BlackElo "1954"]
[PlyCount "79"]
[EventDate "2012.03.17"]
[EventType "swiss"]
[EventRounds "9"]
[EventCountry "SVK"]
[SourceTitle "CBM 147 Extra"]
[Source "ChessBase"]
[SourceDate "2012.04.24"]
[SourceVersion "1"]
[SourceVersionDate "2012.04.24"]
[SourceQuality "1"]

1. d4 d5 2. c4 c6 3. Nf3 Nf6 4. g3 Bf5 5. Bg2 e6 6. 0-0 Bd6 7. Nc3 h6 8. Bf4 Bxf4 9. gxf4 g5 10. cxd5 exd5 11. Qd2 Ne4 12. Nxe4 dxe4 13. Ne5 f6 14. Nc4 Be6 15. Qc3 gxf4 16. Bxe4 Bd5 17. f3 Rg8+ 18. Kh1 Na6 19. e3 f5 20. Bxf5 Qg5 21. Bh3 Qh5 22. Bg2 0-0-0 23. e4 Be6 24. Ne5 Kb8 25. Rf2 Nc7 26. Rc1 Nb5 27. Qc5 Qh4 28. Rd2 Qf6 29. a4 Nc7 30. b4 Qf8 31. Qc3 Qd6 32. Qc5 Qxc5 33. bxc5 Rg5 34. Rb2 Kc8 35. Nc4 Ne8 36. Na5 Rg7 37. Rd1 Rgd7 38. Rb4 a6 39. Bf1 Nf6 40. Nxb7 1-0

[Event "SVK-chT2C 1112"]
[Site "Slovakia"]
[Date "2012.02.25"]
[Round "10.2"]
[White "Stehlik, Jan"]
[Black "Svana, Peter"]
[Result "0-1"]
[WhiteElo "2025"]
[BlackElo "2258"]
[PlyCount "30"]
[EventDate "2011.10.08"]
[EventType "team-tourn"]
[EventRounds "11"]
[EventCountry "SVK"]
[SourceTitle "EXT 2013"]
[Source "ChessBase"]
[SourceDate "2012.11.22"]
[SourceVersion "1"]
[SourceVersionDate "2012.11.22"]
[SourceQuality "1"]
[WhiteTeam "Podpolanie Detva"]
[BlackTeam "Dunajov II"]
[WhiteTeamCountry "SVK"]
[BlackTeamCountry "SVK"]

1. d4 Nf6 2. c4 g6 3. Nf3 Bg7 4. g3 0-0 5. Bg2 d5 6. 0-0 dxc4 7. Qc2 Nc6 8. Rd1 a5 9. Qxc4 Be6 10. Qa4 Nb4 11. Na3 c6 12. Re1 Bxa2 13. Qd1 Bd5 14. Bf4 a4 15. Nb1 Bb3 0-1

[Event "SVK-chT2C 1112"]
[Site "Slovakia"]
[Date "2011.12.04"]
[Round "6.3"]
[White "Frink, Ferenc"]
[Black "Stehlik, Jan"]
[Result "0-1"]
[WhiteElo "2250"]
[BlackElo "2025"]
[PlyCount "96"]
[EventDate "2011.10.08"]
[EventType "team-tourn"]
[EventRounds "11"]
[EventCountry "SVK"]
[SourceTitle "EXT 2013"]
[Source "ChessBase"]
[SourceDate "2012.11.22"]
[SourceVersion "1"]
[SourceVersionDate "2012.11.22"]
[SourceQuality "1"]
[WhiteTeam "Filakovo"]
[BlackTeam "Podpolanie Detva"]
[WhiteTeamCountry "SVK"]
[BlackTeamCountry "SVK"]

1. e4 c5 2. b4 cxb4 3. a3 bxa3 4. Bxa3 Nc6 5. d4 d6 6. c3 Nf6 7. Bd3 e6 8. Ne2 Be7 9. 0-0 0-0 10. h3 Rb8 11. Nd2 b5 12. f4 a5 13. Nf3 b4 14. cxb4 Nxb4 15. g4 Nxd3 16. Qxd3 Bd7 17. Rfb1 Bc6 18. Ng3 Rxb1+ 19. Rxb1 d5 20. Bxe7 Qxe7 21. e5 Ne4 22. Ne2 Qd7 23. Nh4 Rc8 24. f5 Ba4 25. Qa6 g5 26. Rb7 Qc6 27. Qxc6 Bxc6 28. Ra7 gxh4 29. Rxa5 Ra8 30. Rxa8+ Bxa8 31. Nf4 Ng5 32. Kf2 Bc6 33. Ke3 Bb5 34. Ng2 Bf1 35. Nxh4 Bxh3 36. Kf4 h6 37. Kg3 Kg7 38. Kf4 Bf1 39. Ke3 Kh7 40. Kf4 Bh3 41. Kg3 Bf1 42. Kf4 Bd3 43. Ng2 Be4 44. Ne3 Nf3 45. Nc4 dxc4 46. Kxe4 c3 47. Kd3 Nxd4 48. Kxc3 Nc6 0-1

[Event "SVK-chT2C 1112"]
[Site "Slovakia"]
[Date "2011.10.08"]
[Round "1.4"]
[White "Zvarikova, Alexandra"]
[Black "Stehlik, Jan"]
[Result "1-0"]
[WhiteElo "2037"]
[BlackElo "2025"]
[PlyCount "69"]
[EventDate "2011.10.08"]
[EventType "team-tourn"]
[EventRounds "11"]
[EventCountry "SVK"]
[SourceTitle "EXT 2013"]
[Source "ChessBase"]
[SourceDate "2012.11.22"]
[SourceVersion "1"]
[SourceVersionDate "2012.11.22"]
[SourceQuality "1"]
[WhiteTeam "Zilina Mladost II"]
[BlackTeam "Podpolanie Detva"]
[WhiteTeamCountry "SVK"]
[BlackTeamCountry "SVK"]

1. e4 c5 2. Nc3 Nc6 3. g3 d6 4. Bg2 Nf6 5. d3 e6 6. Nf3 Be7 7. 0-0 0-0 8. Re1 Bd7 9. d4 cxd4 10. Nxd4 Nxd4 11. Qxd4 Bc6 12. Bg5 Qc7 13. Rad1 Rfd8 14. Kh1 h6 15. Bc1 a6 16. f4 Rac8 17. Be3 Nd7 18. g4 e5 19. Qd2 exf4 20. Bxf4 Nf6 21. g5 hxg5 22. Bxg5 Ng4 23. Bxe7 Qxe7 24. Qf4 Ne5 25. Bh3 Rb8 26. Bf5 Qf6 27. Rf1 g6 28. Qg3 Kg7 29. Rf4 Rh8 30. Rdf1 Qe7 31. Nd1 Rh6 32. Bh3 Rbh8 33. Bg2 Rh4 34. Ne3 b5 35. Nf5+ 1-0

[Event "SVK-chT2C 10/11"]
[Site "Slovakia"]
[Date "2010.12.04"]
[Round "3.5"]
[White "Stehlik, Jan"]
[Black "Macka, Oto"]
[Result "1/2-1/2"]
[WhiteElo "1976"]
[BlackElo "2025"]
[PlyCount "49"]
[EventDate "2010.10.23"]
[EventType "team-tourn"]
[EventRounds "11"]
[EventCountry "SVK"]
[SourceTitle "EXT 2019"]
[Source "ChessBase"]
[SourceDate "2018.10.10"]
[SourceVersion "1"]
[SourceVersionDate "2018.10.10"]
[SourceQuality "1"]
[WhiteTeam "Podpolanie"]
[BlackTeam "Sklene Patriots CC"]
[WhiteTeamCountry "SVK"]
[BlackTeamCountry "SVK"]

1. d4 Nf6 2. c4 e6 3. Nf3 b6 4. a3 d5 5. Nc3 Be7 6. e3 0-0 7. cxd5 exd5 8. Bd3 Bb7 9. b4 Ne4 10. Bb2 f5 11. Qb3 Kh8 12. 0-0 Nxc3 13. Qxc3 Nd7 14. b5 a5 15. a4 Rc8 16. Ba3 Bd6 17. Bxd6 cxd6 18. Qa3 Qe7 19. Rac1 g6 20. Rxc8 Rxc8 21. Rc1 Rxc1+ 22. Qxc1 Nf6 23. Bb1 Kg7 24. Ba2 Qd7 25. Bb3 1/2-1/2

[Event "SVK-chT2C 10/11"]
[Site "Slovakia"]
[Date "2010.10.23"]
[Round "1.1"]
[White "Lukac, Roman"]
[Black "Stehlik, Jan"]
[Result "1-0"]
[WhiteElo "2163"]
[BlackElo "1976"]
[PlyCount "49"]
[EventDate "2010.10.23"]
[EventType "team-tourn"]
[EventRounds "11"]
[EventCountry "SVK"]
[SourceTitle "EXT 2019"]
[Source "ChessBase"]
[SourceDate "2018.10.10"]
[SourceVersion "1"]
[SourceVersionDate "2018.10.10"]
[SourceQuality "1"]
[WhiteTeam "Banska Bystrica Kurta"]
[BlackTeam "Podpolanie"]
[WhiteTeamCountry "SVK"]
[BlackTeamCountry "SVK"]

1. e4 c5 2. Nf3 Nc6 3. d4 cxd4 4. Nxd4 Nf6 5. Nc3 e5 6. Ndb5 d6 7. Bg5 a6 8. Na3 b5 9. Bxf6 gxf6 10. Nd5 f5 11. c3 Rb8 12. exf5 Bxf5 13. Nc2 Bg7 14. Nce3 Be6 15. Bd3 Ne7 16. Be4 Nxd5 17. Bxd5 Bxd5 18. Qxd5 Qd7 19. Rd1 Rd8 20. g4 Bf8 21. Rg1 Rg8 22. Rg3 h5 23. gxh5 Rh8 24. Qf3 Be7 25. h6 1-0

[Event "SVK-chT2C 0910"]
[Site "Slovakia"]
[Date "2010.02.28"]
[Round "11.8"]
[White "Stehlik, Jan"]
[Black "Galbavy, Dusan"]
[Result "1-0"]
[WhiteElo "1863"]
[BlackElo "1918"]
[PlyCount "87"]
[EventDate "2009.10.10"]
[EventType "team-tourn"]
[EventRounds "11"]
[EventCountry "SVK"]
[SourceTitle "EXT 2011"]
[Source "ChessBase"]
[SourceDate "2010.11.26"]
[SourceVersion "1"]
[SourceVersionDate "2010.11.26"]
[SourceQuality "1"]
[WhiteTeam "Banska Bystrica Junior II"]
[BlackTeam "Zilina Central"]
[WhiteTeamCountry "SVK"]
[BlackTeamCountry "SVK"]

1. d4 e6 2. c4 d5 3. Nc3 f5 4. Nf3 Nf6 5. g3 Be7 6. Bg2 c6 7. 0-0 0-0 8. c5 Ne4 9. Bd2 Nd7 10. b4 g5 11. e3 Qe8 12. Rb1 Qg6 13. b5 g4 14. Ne1 e5 15. Nd3 Bf6 16. dxe5 Bxe5 17. Nxe5 Nxe5 18. Ne2 Qh6 19. Nd4 Bd7 20. bxc6 bxc6 21. Qc2 Rab8 22. Rfc1 Ng5 23. Qd1 Qh5 24. h4 Ngf3+ 25. Nxf3 Nxf3+ 26. Bxf3 gxf3 27. Bc3 f4 28. Qd4 Qg6 29. Rxb8 Rxb8 30. Qh8+ Kf7 31. Qxb8 fxe3 32. Qf4+ Kg8 33. Qxe3 Bg4 34. Re1 Bh5 35. Qe6+ Qf7 36. Qxf7+ Kxf7 37. Re5 Bg6 38. g4 Bb1 39. a3 Be4 40. Kh2 a6 41. Kg3 h6 42. Kf4 Bh7 43. Kxf3 Kf6 44. Rxd5+ 1-0

[Event "SVK-ch U16"]
[Site "Ruzomberok"]
[Date "2010.02.26"]
[Round "9"]
[White "Stehlik, Jan"]
[Black "Sebo, Viktor"]
[Result "1-0"]
[WhiteElo "1863"]
[BlackElo "1900"]
[PlyCount "39"]
[EventDate "2010.02.21"]
[EventType "swiss"]
[EventRounds "9"]
[EventCountry "SVK"]
[SourceTitle "EXT 2022"]
[Source "ChessBase"]
[SourceDate "2021.10.06"]
[SourceVersion "1"]
[SourceVersionDate "2021.10.06"]
[SourceQuality "1"]

1. d4 Nf6 2. c4 g6 3. Nc3 d5 4. cxd5 Nxd5 5. e4 Nxc3 6. bxc3 Bg7 7. Bc4 c5 8. Ne2 0-0 9. 0-0 Nc6 10. Be3 e6 11. Rb1 a6 12. a4 Qa5 13. Qb3 cxd4 14. cxd4 Rd8 15. d5 b5 16. dxc6 bxc4 17. Qxc4 h5 18. c7 Rd6 19. Rb8 Be5 20. Ng3 1-0

[Event "SVK-ch U16"]
[Site "Ruzomberok"]
[Date "2010.02.24"]
[Round "6"]
[White "Straka, Jozef1111"]
[Black "Stehlik, Jan"]
[Result "1/2-1/2"]
[WhiteElo "2246"]
[BlackElo "1863"]
[PlyCount "42"]
[EventDate "2010.02.21"]
[EventType "swiss"]
[EventRounds "9"]
[EventCountry "SVK"]
[SourceTitle "EXT 2022"]
[Source "ChessBase"]
[SourceDate "2021.10.06"]
[SourceVersion "1"]
[SourceVersionDate "2021.10.06"]
[SourceQuality "1"]

1. d4 d5 2. c4 dxc4 3. Nf3 Nf6 4. e3 e6 5. Bxc4 c5 6. 0-0 a6 7. a4 Nc6 8. Nc3 Be7 9. Qe2 Qc7 10. dxc5 Bxc5 11. e4 Nd4 12. Nxd4 Bxd4 13. Bg5 Bxc3 14. bxc3 Qe5 15. Bxf6 Qxf6 16. e5 Qe7 17. Rab1 Qc7 18. f4 0-0 19. Qe4 g6 20. Rfd1 Rb8 21. Rd6 Bd7 1/2-1/2

[Event "SVK-chT2C 0910"]
[Site "Slovakia"]
[Date "2010.01.10"]
[Round "7.6"]
[White "Mraz, Martin"]
[Black "Stehlik, Jan"]
[Result "1/2-1/2"]
[WhiteElo "1821"]
[BlackElo "1863"]
[PlyCount "102"]
[EventDate "2009.10.10"]
[EventType "team-tourn"]
[EventRounds "11"]
[EventCountry "SVK"]
[SourceTitle "EXT 2011"]
[Source "ChessBase"]
[SourceDate "2010.11.26"]
[SourceVersion "1"]
[SourceVersionDate "2010.11.26"]
[SourceQuality "1"]
[WhiteTeam "Liptov Chess School II"]
[BlackTeam "Banska Bystrica Junior II"]
[WhiteTeamCountry "SVK"]
[BlackTeamCountry "SVK"]

1. e4 e6 2. d4 d5 3. Nc3 Nf6 4. Bg5 Be7 5. e5 Nfd7 6. Bxe7 Qxe7 7. f4 f5 8. Nf3 a6 9. Be2 c5 10. 0-0 Nc6 11. Kh1 g6 12. Qd2 b5 13. a3 Bb7 14. Rfd1 Rc8 15. Bf1 cxd4 16. Nxd4 Nxd4 17. Qxd4 Qc5 18. Rac1 Qxd4 19. Rxd4 Nb8 20. Rd2 Ke7 21. Ne2 Nc6 22. Nd4 Nxd4 23. Rxd4 Rc5 24. c3 Rhc8 25. Kg1 R8c7 26. Kf2 Bc8 27. Ra1 Bd7 28. Be2 h5 29. g3 Rc8 30. h3 Rh8 31. h4 Ra8 32. Ke3 a5 33. Bd1 Rb8 34. Kd2 Rc7 35. Bf3 Rcb7 36. Ke3 Rc7 37. Bd1 Rc4 38. Kd2 Rc7 39. Be2 Rcb7 40. Ra2 Rc8 41. Bd3 Rbc7 42. Ra1 Rb8 43. Ra2 Ra7 44. Ra1 Rbb7 45. b3 Bc6 46. Ra2 Rb8 47. Ra1 Rc7 48. Rc1 Bd7 49. Kd1 Rb6 50. Kd2 Rc8 51. Rc2 Rc5 1/2-1/2

[Event "SVK-ch U14"]
[Site "Liptovsky Mikulas"]
[Date "2007.04.26"]
[Round "8"]
[White "Cajka, Tibor"]
[Black "Stehlik, Jan"]
[Result "0-1"]
[WhiteElo "1768"]
[BlackElo "1350"]
[PlyCount "65"]
[EventDate "2007.04.22"]
[EventType "swiss"]
[EventRounds "9"]
[EventCountry "SVK"]
[SourceTitle "EXT 2008"]
[Source "ChessBase"]
[SourceDate "2007.11.25"]
[SourceVersion "1"]
[SourceVersionDate "2007.11.25"]
[SourceQuality "1"]

1. e4 c6 2. d4 d5 3. Nc3 dxe4 4. Nxe4 Bf5 5. Ng3 Bg6 6. h4 h6 7. Nf3 e6 8. h5 Bh7 9. Bd3 Bxd3 10. Qxd3 Nf6 11. 0-0 Nbd7 12. c4 Be7 13. b3 Qc7 14. Bb2 Bd6 15. Ne4 Nxh5 16. g3 Ndf6 17. Nxf6+ gxf6 18. Nd2 Bxg3 19. fxg3 Rg8 20. Ne4 f5 21. Nf6+ Nxf6 22. Rf3 Ne4 23. Kh2 0-0-0 24. Bc1 e5 25. d5 Rg4 26. Ba3 Rdg8 27. d6 Qd7 28. Re1 Rxg3 29. Rxg3 Rxg3 30. Qd1 f4 31. Qh5 Nf2 32. Re3 Rxe3 33. Kg2 0-1

[Event "SVK-ch U14"]
[Site "Liptovsky Mikulas"]
[Date "2007.04.26"]
[Round "7"]
[White "Stehlik, Jan"]
[Black "Zaymus, Mikulas"]
[Result "1/2-1/2"]
[WhiteElo "1350"]
[BlackElo "1504"]
[PlyCount "111"]
[EventDate "2007.04.22"]
[EventType "swiss"]
[EventRounds "9"]
[EventCountry "SVK"]
[SourceTitle "EXT 2008"]
[Source "ChessBase"]
[SourceDate "2007.11.25"]
[SourceVersion "1"]
[SourceVersionDate "2007.11.25"]
[SourceQuality "1"]

1. d4 d5 2. c4 e6 3. e3 c6 4. Nc3 Nf6 5. Nf3 Bd6 6. c5 Bc7 7. Bd3 Nbd7 8. 0-0 0-0 9. b4 Re8 10. Bb2 e5 11. Bf5 e4 12. Nd2 g6 13. Bxd7 Bxd7 14. f3 Qe7 15. fxe4 Nxe4 16. Ncxe4 dxe4 17. Qe2 b6 18. Qf2 Rf8 19. Qf6 Qxf6 20. Rxf6 Rae8 21. Nc4 Be6 22. Nd2 Bd5 23. a4 Rb8 24. Bc3 Rb7 25. Rff1 Ra8 26. Rab1 a6 27. g3 f5 28. Kf2 h5 29. h4 Kg7 30. Rh1 Rbb8 31. Rhc1 b5 32. a5 Rh8 33. Rh1 Raf8 34. Rhg1 Kf6 35. Rbf1 Rfg8 36. Rg2 Rh7 37. Rh1 Rhg7 38. Nf1 Ke6 39. Rhg1 Rf7 40. Rh2 Bc4 41. Rhg2 Kd5 42. Nd2 Bd3 43. Ke1 Rfg7 44. Kf2 g5 45. Bb2 gxh4 46. gxh4 Rxg2+ 47. Rxg2 Rg4 48. Rxg4 fxg4 49. Bc3 Ke6 50. Nf1 Bxf1 51. Kxf1 Kf5 52. Kg2 Bd8 53. Be1 Bf6 54. Kg3 Bg7 55. Bc3 Bh6 56. Bd2 1/2-1/2

[Event "SVK-ch U14"]
[Site "Liptovsky Mikulas"]
[Date "2007.04.24"]
[Round "4"]
[White "Skrabak, Jakub"]
[Black "Stehlik, Jan"]
[Result "0-1"]
[WhiteElo "1613"]
[BlackElo "1350"]
[PlyCount "93"]
[EventDate "2007.04.22"]
[EventType "swiss"]
[EventRounds "9"]
[EventCountry "SVK"]
[SourceTitle "EXT 2008"]
[Source "ChessBase"]
[SourceDate "2007.11.25"]
[SourceVersion "1"]
[SourceVersionDate "2007.11.25"]
[SourceQuality "1"]

1. e4 e5 2. Nf3 Nc6 3. Bb5 a6 4. Ba4 b5 5. Bb3 Nf6 6. 0-0 d6 7. c3 Bg4 8. Re1 Be7 9. d4 Bxf3 10. gxf3 0-0 11. Kh1 Qd7 12. Rg1 Rfe8 13. d5 Na5 14. Bc2 c6 15. dxc6 Nxc6 16. Bh6 g6 17. Qf1 b4 18. Ba4 a5 19. h4 Rec8 20. Qg2 Nh5 21. Nd2 Bxh4 22. Qh2 Qe7 23. Rg4 Bf6 24. Qxh5 Kh8 25. Qh2 Nd8 26. cxb4 axb4 27. Bb3 Ne6 28. Bxe6 Qxe6 29. b3 Rc2 30. Rgg1 Raxa2 31. Rxa2 Rxa2 32. Be3 d5 33. Kg2 h5 34. Qh3 Kg7 35. Qxe6 fxe6 36. Nb1 d4 37. Bd2 Be7 38. Rc1 Rb2 39. f4 Kf6 40. Be1 Rxb3 41. Nd2 Rd3 42. f3 exf4 43. Nc4 b3 44. Rb1 g5 45. Nd2 Bb4 46. e5+ Kf5 47. Kf2 0-1

[Event "SVK-ch U14"]
[Site "Liptovsky Mikulas"]
[Date "2007.04.23"]
[Round "2"]
[White "Cabuk, Matej"]
[Black "Stehlik, Jan"]
[Result "1/2-1/2"]
[WhiteElo "1391"]
[BlackElo "1350"]
[PlyCount "63"]
[EventDate "2007.04.22"]
[EventType "swiss"]
[EventRounds "9"]
[EventCountry "SVK"]
[SourceTitle "EXT 2008"]
[Source "ChessBase"]
[SourceDate "2007.11.25"]
[SourceVersion "1"]
[SourceVersionDate "2007.11.25"]
[SourceQuality "1"]

1. e4 c5 2. f4 e6 3. Nf3 d5 4. Nc3 Nf6 5. e5 Nfd7 6. d3 Nc6 7. Be2 b6 8. 0-0 d4 9. Ne4 Bb7 10. Nfd2 f5 11. exf6 Nxf6 12. Nxf6+ Qxf6 13. Ne4 Qe7 14. c3 0-0-0 15. Bg4 Kb8 16. Qb3 Re8 17. Re1 Qh4 18. Nf2 Na5 19. Qc2 Qf6 20. Bd2 Bd6 21. Ne4 Qe7 22. Nxd6 Qxd6 23. Rf1 Qd5 24. Bf3 Qf5 25. Bxb7 Kxb7 26. b3 Nc6 27. Rf3 e5 28. fxe5 Qxe5 29. Re1 Qd6 30. Rxe8 Rxe8 31. Rf7+ Re7 32. Rxe7+ 1/2-1/2